[Event "Lagos Friends of Chess"]
[Site "Lagos"]
[Date "2015.08.07"]
[Round "3"]
[White "Olape, Bunmi"]
[Black "Adewole, Adeyinka Samuel"]
[Result "1/2-1/2"]
[WhiteElo "2247"]
[BlackElo "1933"]
[PlyCount "97"]
[EventDate "2015.08.06"]
[EventType "swiss"]
[EventRounds "7"]
[EventCountry "NGR"]
[SourceTitle "EXT 2018"]
[Source "ChessBase"]
[SourceDate "2017.10.13"]
[SourceVersion "1"]
[SourceVersionDate "2017.10.13"]
[SourceQuality "1"]

1. e4 e6 2. d4 d5 3. Nd2 Nf6 4. e5 Nfd7 5. Ndf3 c5 6. c3 Nc6 7. Bd3 Be7 8. Ne2 c4 9. Bc2 b5 10. Nf4 h5 11. h4 a5 12. g3 Bb7 13. Qe2 b4 14. 0-0 a4 15. a3 b3 16. Bb1 Qc7 17. Ng5 Bxg5 18. hxg5 h4 19. g6 Nf8 20. Qg4 0-0-0 21. gxh4 Qe7 22. h5 Qd7 23. Be3 Ne7 24. gxf7 Nf5 25. Bxf5 exf5 26. Qg5 Qxf7 27. f3 Ne6 28. Nxe6 Qxe6 29. Kf2 Rh7 30. Rg1 Rdh8 31. Qg6 Qxg6 32. hxg6 Rh2+ 33. Rg2 Kd7 34. Bf4 R2h4 35. Ke3 Ke6 36. Rag1 Bc6 37. Bg5 Rh3 38. Kf4 Be8 39. Bd8 Bd7 40. Bg5 Be8 41. Re1 Rh2 42. Ree2 Rh1 43. Ref2 R1h3 44. Re2 Bxg6 45. Bf6 Bh5 46. Rxg7 Rxf3+ 47. Kg5 Rg3+ 48. Kf4 Rf3+ 49. Kg5 1/2-1/2

[Event "Lagos Friends of Chess"]
[Site "Lagos"]
[Date "2015.08.06"]
[Round "2"]
[White "Koko, Obubele"]
[Black "Olape, Bunmi"]
[Result "1/2-1/2"]
[WhiteElo "2030"]
[BlackElo "2247"]
[PlyCount "131"]
[EventDate "2015.08.06"]
[EventType "swiss"]
[EventRounds "7"]
[EventCountry "NGR"]
[SourceTitle "EXT 2018"]
[Source "ChessBase"]
[SourceDate "2017.10.13"]
[SourceVersion "1"]
[SourceVersionDate "2017.10.13"]
[SourceQuality "1"]

1. d4 d5 2. c4 c6 3. Nc3 e6 4. Nf3 dxc4 5. a4 Bb4 6. e3 b5 7. Ne5 Nf6 8. axb5 cxb5 9. Qf3 Qd5 10. Qg3 0-0 11. f3 Nbd7 12. Bd2 Qb7 13. e4 Re8 14. Be2 Qb6 15. Nxd7 Nxd7 16. Be3 e5 17. Rd1 a6 18. 0-0 Bb7 19. f4 exd4 20. Bxd4 Qg6 21. Qh3 Nc5 22. f5 Qh6 23. Qxh6 gxh6 24. Rf4 Nb3 25. Rg4+ Kf8 26. Bf6 Bxc3 27. Bxc3 a5 28. Rd7 Re7 29. Rg8+ Kxg8 30. Rxe7 Bc6 31. Bh5 Be8 32. Rc7 Rd8 33. Bf6 Rb8 34. Bf3 Nd2 35. Kf2 Nxf3 36. Kxf3 Rb6 37. Be5 f6 38. Bf4 Rc6 39. Ra7 c3 40. bxc3 Rxc3+ 41. Be3 a4 42. Kf2 Bc6 43. e5 fxe5 44. Bxh6 Rc2+ 45. Ke3 Rxg2 46. f6 Bd5 47. f7+ Bxf7 48. Ra8+ Be8 49. Rxe8+ Kf7 50. Rxe5 Rxh2 51. Bf4 Rh3+ 52. Kd4 Rb3 53. Kc5 a3 54. Re1 h5 55. Ra1 h4 56. Bc1 a2 57. Bg5 Rb2 58. Bxh4 b4 59. Bg3 Ke6 60. Be1 b3 61. Kb4 Rb1 62. Bc3 Kd5 63. Bh8 Ke4 64. Ka3 Kd3 65. Bf6 Kc2 66. Bh8 1/2-1/2

[Event "Lagos Millionaire Satellite op"]
[Site "Lagos"]
[Date "2015.06.11"]
[Round "3"]
[White "Manan, Yoboue Hermann"]
[Black "Olape, Bunmi"]
[Result "0-1"]
[WhiteElo "2045"]
[BlackElo "2227"]
[PlyCount "88"]
[EventDate "2015.06.10"]
[EventType "swiss"]
[EventRounds "9"]
[EventCountry "NGR"]
[SourceTitle "EXT 2018"]
[Source "ChessBase"]
[SourceDate "2017.10.13"]
[SourceVersion "1"]
[SourceVersionDate "2017.10.13"]
[SourceQuality "1"]

1. e4 e5 2. Nf3 Nf6 3. Nxe5 d6 4. Nf3 Nxe4 5. d4 Be7 6. Bd3 d5 7. 0-0 0-0 8. c4 Nf6 9. b3 b6 10. Nc3 Bb7 11. Be3 Nbd7 12. h3 h6 13. Re1 Re8 14. Qd2 dxc4 15. bxc4 Bxf3 16. gxf3 c5 17. d5 Ne5 18. Be2 Qd7 19. Kh2 Bd6 20. f4 Ng6 21. Rg1 Qf5 22. Bg4 Bxf4+ 23. Bxf4 Qxf4+ 24. Qxf4 Nxf4 25. Bf3 Rad8 26. Rad1 Ng6 27. Rge1 Nh4 28. Bh1 Nf5 29. Nb5 Rxe1 30. Rxe1 Rd7 31. Rb1 Kf8 32. Bf3 a6 33. Bg4 Nxg4+ 34. hxg4 axb5 35. gxf5 b4 36. Rb3 Ra7 37. Kg3 Rxa2 38. Kf4 Rxf2+ 39. Ke5 Ke7 40. d6+ Kd7 41. Rg3 Re2+ 42. Kf4 g5+ 43. fxg6 fxg6 44. Rxg6 Re6 0-1

[Event "Lome zt 4.4"]
[Site "Lome"]
[Date "2015.03.20"]
[Round "8"]
[White "Kigigha, Bomo"]
[Black "Olape, Bunmi"]
[Result "1-0"]
[WhiteElo "2287"]
[BlackElo "2232"]
[PlyCount "31"]
[EventDate "2015.03.14"]
[EventType "swiss"]
[EventRounds "9"]
[EventCountry "TOG"]
[SourceTitle "CBM 165 Extra"]
[Source "ChessBase"]
[SourceDate "2015.04.21"]
[SourceVersion "1"]
[SourceVersionDate "2015.04.21"]
[SourceQuality "1"]

1. c4 e5 2. g3 Nc6 3. Nc3 Nf6 4. Bg2 Bc5 5. Nf3 d6 6. 0-0 0-0 7. d3 Bg4 8. Bg5 h6 9. Bh4 g5 10. Nxg5 hxg5 11. Bxg5 Nb8 12. Bxb7 Nbd7 13. Nd5 Qe8 14. Bxf6 Qe6 15. Ne7+ Kh7 16. Be4+ 1-0

[Event "Lome zt 4.4"]
[Site "Lome"]
[Date "2015.03.16"]
[Round "4"]
[White "Olape, Bunmi"]
[Black "Degondo, Simplice Armel"]
[Result "1-0"]
[WhiteElo "2232"]
[BlackElo "2145"]
[PlyCount "119"]
[EventDate "2015.03.14"]
[EventType "swiss"]
[EventRounds "9"]
[EventCountry "TOG"]
[SourceTitle "CBM 165 Extra"]
[Source "ChessBase"]
[SourceDate "2015.04.21"]
[SourceVersion "1"]
[SourceVersionDate "2015.04.21"]
[SourceQuality "1"]

1. e4 c5 2. Nf3 b6 3. Nc3 Bb7 4. d4 cxd4 5. Nxd4 g6 6. Be3 Bg7 7. Qd2 a6 8. Be2 d6 9. f3 Nd7 10. h4 h5 11. Nb3 Ngf6 12. 0-0-0 Rc8 13. Kb1 b5 14. a3 Qc7 15. Qe1 Nb6 16. Bd3 Nc4 17. Bxc4 bxc4 18. Nd4 Rb8 19. Ka2 Bc8 20. Rb1 e5 21. Nde2 Be6 22. Qd2 Qc6 23. Rhd1 Bf8 24. Bg5 Nd7 25. Nd5 f6 26. Be3 Be7 27. Nec3 Kf7 28. Qf2 Rb7 29. f4 exf4 30. Bxf4 Ne5 31. Qg3 Kg7 32. Be3 Rf8 33. Nf4 Bg4 34. Rd2 Rfb8 35. Bd4 Bd8 36. Nfd5 Rf7 37. Rf2 Qb7 38. Ne3 Qd7 39. Ncd5 Qc8 40. Bc3 Rb5 41. Rbf1 Rfb7 42. a4 Rxd5 43. Nxd5 Qc6 44. Nxf6 Bxf6 45. Rxf6 Re7 46. Kb1 Qxe4 47. Rxd6 Bf5 48. Qf2 Kf7 49. Re1 Nd3 50. Rf6+ Ke8 51. Rxe4 Nxf2 52. Rxe7+ Kxe7 53. Rxa6 Be4 54. g3 Bf5 55. Rc6 Ne4 56. Be1 c3 57. b3 Kd7 58. Rc4 Kd6 59. a5 Kd5 60. Kc1 1-0